Movies By 1 Actor and 1 Actress Part 3 - Statistics

General Stats
  • This quiz has been taken 38 times
  • The average score is 11 of 26
Answer Stats
Cast Movie % Correct
Gal Gadot, Chris Pine Wonder Woman
91%
Ryan Gosling, Emma Stone La La Land
88%
Robert De Niro, Jodie Foster Taxi Driver
82%
Dustin Hoffman, Anne Bancroft The Graduate
76%
Chris Pratt, Jennifer Lawrence Passengers
67%
Ryan Reynolds, Morena Baccarin Deadpool
64%
Jack Nicholson, Shelley Duvall The Shining
64%
Robert Pattinson, Zoe Kravitz The Batman
61%
John Malkovich, Cameron Diaz Being John Malkovich
58%
Henry Cavill, Amy Adams Man of Steel
55%
Halle Berry, Billy Bob Thornton Monster's Ball
55%
Joe Pesci, Marisa Tomei My Cousin Vinny
55%
Sylvester Stallone, Sandra Bullock Demolition Man
42%
Christian Bale, Reese Witherspoon American Psycho
33%
Nicolas Cage, Eva Mendes Ghost Rider
33%
Al Pacino, Natalie Portman Heat
27%
Ben Stiller, Carla Gugino Night at the Museum
24%
Jake Gyllenhaal, Rene Russo Nightcrawler
24%
Samuel L. Jackson, Jennifer Jason Leigh The Hateful Eight
24%
Jesse Eisenberg, Kristen Stewart Adventureland
21%
George Clooney, Juliette Lewis From Dusk Till Dawn
18%
Julianne Moore, Alec Baldwin Still Alice
18%
Kurt Russell, Rosario Dawson Death Proof
12%
Bruce Willis, Emily Blunt Looper
9%
Gene Hackman, Frances McDormand Mississippi Burning
9%
Meryl Streep, Gary Oldman The Laundromat
6%
No matching quizzes found
Score Distribution
Percent of People with Each Score
Percentile by Number Answered
Your Score History
You have not taken this quiz